[Event "Bahn-chGT"]
[Site "Winterberg"]
[Date "2004.09.28"]
[Round "3"]
[White "Jeurissen, Karel"]
[Black "Steenhoudt, Guido"]
[Result "1-0"]
[WhiteElo "1633"]
[BlackElo "1798"]
[PlyCount "73"]
[EventDate "2004.09.26"]
[EventType "swiss"]
[EventRounds "7"]
[EventCountry "GER"]
[SourceTitle "EXT 2013"]
[Source "ChessBase"]
[SourceDate "2012.11.22"]
[SourceVersion "1"]
[SourceVersionDate "2012.11.22"]
[SourceQuality "1"]

1. c4 f5 2. Nf3 Nf6 3. Nc3 d6 4. d4 g6 5. g3 Bg7 6. Bg2 0-0 7. 0-0 Qe8 8. d5 Na6 9. Ng5 c6 10. Rb1 h6 11. Nf3 Bd7 12. Nd4 Nc7 13. Re1 e5 14. dxe6 Nxe6 15. Nf3 Qe7 16. e4 fxe4 17. Nxe4 Nxe4 18. Rxe4 g5 19. h4 Be8 20. hxg5 Bg6 21. Re1 Bxb1 22. gxh6 Be5 23. Nxe5 dxe5 24. Qg4+ Kh8 25. Rxe5 Bf5 26. Rxf5 Rxf5 27. Qxf5 Nd4 28. Qg5 Qd7 29. Qe5+ Kg8 30. Qg5+ Kh8 31. Qf6+ Kg8 32. Kh2 Rf8 33. Qg5+ Kh8 34. Be3 Ne6 35. Qe5+ Kg8 36. Bh3 Kf7 37. h7 1-0

[Event "Bahn-chG"]
[Site "Bad Wildungen"]
[Date "2000.09.28"]
[Round "5"]
[White "Mossekel, Manfred"]
[Black "Steenhoudt, Guido"]
[Result "1/2-1/2"]
[WhiteElo "1646"]
[BlackElo "1794"]
[PlyCount "80"]
[EventDate "2000.09.24"]
[EventType "swiss"]
[EventRounds "7"]
[EventCountry "GER"]
[SourceTitle "EXT 2003"]
[Source "ChessBase"]
[SourceDate "2002.11.25"]
[SourceVersion "1"]
[SourceVersionDate "2002.11.25"]
[SourceQuality "1"]

1. d4 f5 2. f4 g6 3. Nf3 Bg7 4. e3 Nf6 5. Bd3 b6 6. 0-0 Bb7 7. Qe2 0-0 8. c4 Be4 9. Nc3 c6 10. a3 h6 11. Bd2 d6 12. Rad1 Kh7 13. b4 d5 14. c5 b5 15. Ne5 Nfd7 16. Bxe4 fxe4 17. Ra1 Nxe5 18. fxe5 Nd7 19. Qg4 Qe8 20. Qe6 Rxf1+ 21. Rxf1 Nf8 22. Qg4 h5 23. Qe2 a5 24. Nb1 axb4 25. Bxb4 Ne6 26. Nd2 Bh6 27. Nb3 Ng7 28. Ra1 Nf5 29. Bd2 Ra4 30. g4 hxg4 31. Qxg4 Bxe3+ 32. Bxe3 Nxe3 33. Qh3+ Kg7 34. Qxe3 b4 35. axb4 Rxa1+ 36. Nxa1 Qa8 37. Nc2 Qa2 38. Qc3 Qb1+ 39. Kf2 Qh1 40. Qg3 Qd1 1/2-1/2

[Event "Bahn-chG"]
[Site "Bad Wildungen"]
[Date "2000.09.26"]
[Round "3"]
[White "Bischof, Rainer"]
[Black "Steenhoudt, Guido"]
[Result "1-0"]
[WhiteElo "1917"]
[BlackElo "1794"]
[PlyCount "113"]
[EventDate "2000.09.24"]
[EventType "swiss"]
[EventRounds "7"]
[EventCountry "GER"]
[SourceTitle "EXT 2003"]
[Source "ChessBase"]
[SourceDate "2002.11.25"]
[SourceVersion "1"]
[SourceVersionDate "2002.11.25"]
[SourceQuality "1"]

1. Nf3 c5 2. g3 d6 3. Bg2 Nf6 4. 0-0 e6 5. c4 Nc6 6. Nc3 Be7 7. d4 cxd4 8. Nxd4 Bd7 9. Ndb5 Bc8 10. Bg5 a6 11. Bxf6 gxf6 12. Nd4 Qc7 13. Rc1 Bd7 14. Nd5 Qd8 15. Nxe7 Kxe7 16. Nxc6+ Bxc6 17. Qd4 Bxg2 18. Kxg2 Qa5 19. Rfd1 Qc5 20. Qxc5 dxc5 21. Rc3 Rad8 22. Rxd8 Kxd8 23. Rb3 Kc7 24. Rf3 h5 25. Rxf6 Rh7 26. h4 Kd6 27. Rf3 f5 28. Rd3+ Kc6 29. Kf3 b5 30. cxb5+ axb5 31. Kf4 e5+ 32. Kxf5 Rf7+ 33. Ke4 Rxf2 34. Ke3 Rf8 35. Kd2 e4 36. Ra3 Kd5 37. Ra7 Re8 38. Rd7+ Kc6 39. Rg7 e3+ 40. Kd3 b4 41. Rg5 Rd8+ 42. Kxe3 c4 43. Rf5 c3 44. bxc3 bxc3 45. Rf1 Kc5 46. Rf7 Rd2 47. Rf5+ Kb4 48. Rxh5 Rxa2 49. Rh8 Rd2 50. Rc8 Rd1 51. g4 Kb3 52. h5 Rg1 53. Kf4 c2 54. h6 Rh1 55. g5 Rh4+ 56. Kf5 Rc4 57. Rxc4 1-0